Statistics for Country by emojis: Africa, West Asia and Central Asia

Click here to take the quiz!

General Stats

  • This quiz has been taken 13 times
  • The average score is 19 of 36

Answer Stats

Answer% Correct
Egypt
100%
Israel
100%
Iran
69%
Iraq
69%
Kenya
69%
Nigeria
69%
Saudi Arabia
69%
Somalia
69%
United Arab Emirates
69%
Angola
62%
DR Congo
62%
Liberia
62%
Qatar
62%
Tanzania
62%
Algeria
54%
Armenia
54%
Equatorial Guinea
54%
Ethiopia
54%
Lebanon
54%
Mauritius
54%
South Africa
54%
Cape Verde
46%
Rwanda
46%
Sudan
46%
Turkey
46%
Azerbaijan
38%
Georgia
38%
Ivory Coast
38%
Madagascar
38%
Morocco
38%
Namibia
38%
Sierra Leone
38%
Kazakhstan
31%
Niger
31%
Tunisia
31%
Zambia
23%

Score Distribution

Percentile by Number Answered

Percent of People with Each Score

Your Score History

You have not taken this quiz